Sevilla FC Squad 2025-2026 - Statistics

General Stats
  • This quiz has been taken 154 times
    17 since last reset
  • The average score is 25 of 29
Answer Stats
# Position Nation Player % Correct
9 FW Nigeria Akor Adams
100%
10 FW Chile Alexis Sánchez
100%
21 FW Nigeria Chidera Ejuke
100%
20 MF Switzerland Djibril Sow
100%
12 DF Chile Gabriel Suazo
100%
2 DF Spain José Ángel Carmona
100%
16 DF Spain Juanlu Sánchez
100%
23 DF Brazil Marcão
100%
- Coach Argentina Matías Almeyda
100%
6 MF Serbia Nemanja Gudelj
100%
1 GK Greece Odysseas Vlachodimos
100%
13 GK Norway Ørjan Nyland
100%
5 DF France Tanguy Nianzou
100%
19 MF France Batista Mendy
91%
3 DF Spain César Azpilicueta
91%
7 FW Spain Isaac Romero
91%
18 MF France Lucien Agoumé
91%
- Coach Spain Luis García
91%
14 FW Spain Peque Fernández
91%
11 FW Switzerland Rubén Vargas
91%
8 MF Spain Joan Jordán
82%
24 FW Belgium Adnan Januzaj
73%
25 GK Spain Álvaro Fernández
73%
15 DF Portugal Fábio Cardoso
73%
4 DF Spain Kike Salas
73%
17 FW France Neal Maupay
73%
22 DF Argentina Federico Gattoni
45%
17 FW Spain Alfon González
36%
22 DF Spain Ramón Martínez
27%
No matching quizzes found
Score Distribution
Percent of People with Each Score
Percentile by Number Answered
Your Score History
You have not taken this quiz since the last reset